[Event "GER-ch U25 op-B"]
[Site "Willingen"]
[Date "2024.05.23"]
[Round "7"]
[White "Tarasenko, Ruslan"]
[Black "Mlynarski, Milosz1"]
[Result "0-1"]
[WhiteElo "1525"]
[BlackElo "1663"]
[PlyCount "116"]
[EventDate "2024.05.19"]
[EventType "swiss"]
[EventRounds "9"]
[EventCountry "GER"]
[SourceTitle "EXT 2025"]
[Source "ChessBase"]
[SourceDate "2024.10.14"]
[SourceVersion "1"]
[SourceVersionDate "2024.10.14"]
[SourceQuality "1"]

1. e4 e5 2. Nf3 Nc6 3. Nc3 Nf6 4. d4 exd4 5. Nxd4 Bb4 6. Nxc6 bxc6 7. Bd3 d5 8. Bd2 0-0 9. 0-0 Rb8 10. a3 Bxc3 11. Bxc3 Nxe4 12. Bxe4 dxe4 13. Qh5 Qd5 14. Qxd5 cxd5 15. Be5 Be6 16. b4 Rfe8 17. Bxc7 Rbc8 18. Bd6 Rxc2 19. Bc5 a6 20. Rfc1 Rxc1+ 21. Rxc1 h6 22. Bd4 Rc8 23. Bc5 d4 24. Re1 d3 25. Rd1 Bb3 26. Rd2 a5 27. f3 f5 28. g4 g6 29. h4 h5 30. gxh5 gxh5 31. fxe4 fxe4 32. Kf2 axb4 33. axb4 Ra8 34. Ke3 Ra2 35. b5 Rxd2 36. Kxd2 Ba4 37. b6 Bc6 38. Be3 Kf8 39. Kc3 Ke7 40. Kc4 Kd6 41. Kc3 Bb7 42. Kd4 Ke6 43. Kc3 Kd5 44. Bf4 Ke6 45. Kd2 Kf5 46. Ke3 d2 47. Kxd2 Kxf4 48. Ke2 e3 49. Ke1 Kg4 50. Ke2 Kxh4 51. Kxe3 Kg3 52. Ke2 h4 53. Kf1 h3 54. Ke2 h2 55. Ke3 h1Q 56. Kd4 Qd5+ 57. Ke3 Ba6 58. b7 Qd3# 0-1